[Event "Goch op"]
[Site "Goch"]
[Date "1994.??.??"]
[Round "4"]
[White "Kistella, Roman"]
[Black "Polzin, Rainer"]
[Result "1/2-1/2"]
[WhiteElo "2310"]
[BlackElo "2395"]

1.d4 Nf6 2.c4 g6 3.Nc3 Bg7 4.e4 d6 5.Be2 O-O 6.Nf3 Na6 7.O-O e5 8.Be3 Ng4
9.Bg5 Qe8 10.dxe5 dxe5 11.h3 h6 12.Bc1 Nf6 13.Be3 Nh5 14.c5 Nf4 15.Bb5 Qe6
16.Re1 g5 17.Bf1 Kh8 18.Qa4 Qg6 19.b4 f5 20.b5 Nb8 21.Rad1 Be6 22.Qb4 a5
23.bxa6 Nxa6 24.Qxb7 Rfb8 25.Qc6 fxe4 26.Bxf4 exf4 27.Nxe4 Bf5 28.Qxg6 Bxg6
29.Bc4 Re8 30.Ned2 Nxc5 31.Rxe8+ Rxe8 32.Nb3 Bf8 33.Nxc5 Bxc5 34.Rd7 Bb6
35.Kf1 Bf5 36.Rd1 Kh7 37.Bd3 Bxd3+ 38.Rxd3 Ra8 39.Rd2 Kg6 40.Ne5+ Kf5 41.Nc4 Ba7
42.Rd7 Bb6 43.Nxb6 cxb6 44.Rb7 Ra6 45.a4 Ke4 46.Ke2 h5 47.Re7+ Kf5 48.Rf7+ Kg6
49.Rc7 g4 50.hxg4 hxg4 51.Rc6+ Kg5 52.a5 Rxa5 53.Rxb6 Ra2+ 54.Ke1 f3 55.gxf3 gxf3
56.Rb4 Kf5 57.Rh4 Ra8 58.Rb4 Re8+ 59.Kf1 Re4 60.Rb8  1/2-1/2

[Event "Goch op"]
[Site "Goch"]
[Date "1994.??.??"]
[Round "7"]
[White "Mueller, M."]
[Black "Kistella, Roman"]
[Result "1-0"]
[WhiteElo "2320"]
[BlackElo "2310"]

1.d4 Nf6 2.Nf3 g6 3.c4 Bg7 4.Nc3 O-O 5.e4 d6 6.Be2 e5 7.d5 a5 8.h3 Na6 9.g4 Nc5
10.Qc2 Bd7 11.Be3 Ne8 12.Rg1 Kh8 13.O-O-O a4 14.Rg2 Ra5 15.Nd2 c6 16.Ndb1 cxd5
17.Nxd5 Nc7 18.Na3 Nxd5 19.cxd5 Qc7 20.Nc4 Ra6 21.Kb1 Rc8 22.Rc1 Bf8 23.Na3 Ra5
24.f3 Qb8 25.Qd2 b6 26.Rc2 Qa8 27.Qc1 b5 28.Bd2 Be7 29.Bb4 Kg7 30.Qd2 Bd8
31.Rg1 h6 32.h4 Rb8 33.g5 hxg5 34.hxg5 Ra7 35.Rgc1 Rc7 36.Qe3 Qa7 37.Rxc5 dxc5
38.Bxc5 Rxc5 39.Qxc5 Qxc5 40.Rxc5 b4 41.Nc4 Bb5 42.d6 Bxg5 43.Rxe5 Bf4 44.Rd5 Bd7
45.b3 a3 46.Kc2 Be6 47.Rd4 Bg3 48.d7 Bc7 49.Ne5 Rh8 50.Nc6 Rh2 51.Kd3 Bxb3
52.Nxb4 Ba4 53.Ke3 Bd8 54.Rd5 Rh8 55.Bb5 Bb6+ 56.Kd3 Bd1 57.Nc6 Rh2 58.d8=Q Bxd8
59.Nxd8 Bxf3 60.Ke3 Bxe4  1-0

[Event "Graz op"]
[Site "Graz"]
[Date "1994.??.??"]
[Round "3"]
[White "Timoshenko, Georgy"]
[Black "Schroll, Gerhard"]
[Result "1/2-1/2"]
[WhiteElo "2550"]
[BlackElo "2370"]

1.d4 Nf6 2.c4 g6 3.Nc3 Bg7 4.e4 d6 5.Nf3 O-O 6.Be2 Nbd7 7.O-O e5 8.Qc2 c6
9.Rd1 Qe7 10.Rb1 a5 11.b3 exd4 12.Nxd4 Nc5 13.f3 Ne8 14.a3 f5 15.b4 axb4
16.axb4 Ne6 17.Be3 Be5 18.Nxe6 Bxe6 19.Bd4 fxe4 20.Nxe4 Bf5 21.Bxe5 Qxe5
22.Bd3 Ra3 23.Qb2 Qxb2 24.Rxb2 Nf6 25.Nf2 Bxd3 26.Rxd3 Rxd3 27.Nxd3 Ra8 28.Kf2 Ra3
29.Ke3 Kf7 30.Kd4 Ke6 31.Rc2 b6 32.Ke3 b5 33.Kd2 bxc4 34.Rxc4 Nd5 35.Ne1 Ra2+
36.Nc2 Kd7 37.Kc1 Ra4 38.Kb2 Ra8 39.Rh4 h5 40.g4 Rb8 41.gxh5 gxh5 42.Kc1 Nf6
43.Rf4 Nd5 44.Rh4 Nf6 45.Rf4 Nd5 46.Rh4 Nf6  1/2-1/2

[Event "Graz op"]
[Site "Graz"]
[Date "1994.??.??"]
[Round "5"]
[White "Sakalauskas, Vaidas"]
[Black "Kozul, Zdenko"]
[Result "1-0"]
[WhiteElo "2275"]
[BlackElo "2550"]

1.d4 Nf6 2.c4 g6 3.Nc3 Bg7 4.e4 d6 5.Be2 O-O 6.Nf3 Na6 7.O-O e5 8.Qc2 Qe8
9.Rd1 Bg4 10.d5 Nh5 11.g3 Qc8 12.Be3 f5 13.exf5 Qxf5 14.Qxf5 gxf5 15.Ng5 Bxe2
16.Nxe2 Bf6 17.Ne6 Rfe8 18.b4 Ng7 19.b5 Nxe6 20.bxa6 Nd8 21.axb7 Nxb7 22.Rab1 Reb8
23.Rb4 Nc5 24.Rdb1 Rb6 25.Rb5 Rab8 26.Nc3 a6 27.Rxb6 Rxb6 28.Bxc5 dxc5 29.Rxb6 cxb6
30.a4 Kf7 31.Kf1 e4 32.Nd1 Bg5 33.Ke2 Kf6 34.Ne3 Ke5 35.f4+ exf3+ 36.Kxf3 Kd4
37.h4 Bd8 38.Kf4 Bc7+ 39.Kf3 Kc3 40.h5 Kb4 41.Nxf5 Kxc4 42.d6 Bd8 43.Ne7 b5
44.g4 bxa4 45.g5 a3 46.g6 hxg6 47.hxg6 a2 48.g7 a1=Q 49.g8=Q+ Kd3 50.Qxd8 Qf1+
51.Kg4 Qg2+ 52.Kf5 Qf3+ 53.Ke6 Qe4+ 54.Kf7 Qh7+ 55.Ke8 Qh5+ 56.Kd7 c4 57.Qa8 Qg4+
58.Kc7 c3 59.Qd5+ Kc2 60.Qe5  1-0

[Event "Graz-ch"]
[Site "Graz"]
[Date "1994.??.??"]
[Round "5"]
[White "Krachler, H."]
[Black "Spindelboeck, Gernot"]
[Result "0-1"]
[WhiteElo "1925"]
[BlackElo "1980"]

1.d4 Nf6 2.c4 g6 3.Nc3 Bg7 4.Nf3 O-O 5.e4 d6 6.Be2 e5 7.d5 Na6 8.O-O Nc5
9.Qc2 a5 10.Bg5 h6 11.Bd2 Nh5 12.Qc1 Kh7 13.Ne1 Nf6 14.f3 Nh5 15.Be3 f5 16.exf5 gxf5
17.f4 Nxf4 18.Bxf4 exf4 19.Rxf4 Qe7 20.Bd3 Bd7 21.Rf1 Rae8 22.Bc2 Ne4 23.Nf3 Nxc3
24.bxc3 Qe3+ 25.Qxe3 Rxe3 26.Nd4 Rxc3 27.Bxf5+ Bxf5 28.Nxf5 Rxc4 29.Rab1 b6
30.Nxg7 Rxf1+ 31.Kxf1 Kxg7 32.Re1 h5 33.g3 Rc2 34.h4 Kf6 35.a4 Rc5 36.Rd1 Ke5
37.g4 hxg4 38.h5 Kf6 39.Kg2 Kg5 40.Rh1 Kh6 41.Kg3 Rxd5 42.Kxg4 Rg5+ 43.Kf4 Rxh5
44.Re1 Rc5 45.Re4 Kg6 46.Ke3 Re5  0-1

[Event "Graz op"]
[Site "Graz"]
[Date "1994.??.??"]
[Round "6"]
[White "Schmied, Andreas"]
[Black "Loebler, Heimo"]
[Result "1/2-1/2"]
[WhiteElo "2090"]
[BlackElo "2245"]

1.d4 Nf6 2.Nf3 g6 3.c4 Bg7 4.Nc3 O-O 5.e4 d6 6.Be2 e5 7.dxe5 dxe5 8.Qxd8 Rxd8
9.Bg5 Rf8 10.O-O-O Nc6 11.h3 b6 12.Be3 Bb7 13.Nd2 Nd4 14.Rhe1 Rfd8 15.f3 c6
16.Nb3 Nh5 17.Bf1 Ng3 18.Kb1 Ba6 19.Bd3 Ne6 20.Bf2 Nh5 21.Bf1 Nd4 22.Nc1 Nf4
23.b3 Bf8 24.Nd3 Nxd3 25.Bxd3 Bb4 26.Kb2 b5 27.cxb5 cxb5 28.Rh1 Bxc3+ 29.Kxc3 b4+
30.Kb2 Bxd3 31.Rxd3 Ne6 32.Rxd8+ Rxd8 33.Be3 Rd3 34.Re1 Kf8 35.Re2 Nd4 36.Bxd4 exd4
37.Kc1 Ke7 38.Rd2 Rc3+ 39.Kd1 d3 40.Ke1 Kd6 41.Kf2 Ke5 42.Ke3 g5 43.g3 Rc1
44.f4+ gxf4+ 45.gxf4+ Ke6 46.Rxd3 Rc2 47.Rd2 Rc3+ 48.Rd3 Rc2 49.Rd2  1/2-1/2

[Event "GRE-ch"]
[Site "?"]
[Date "1994.??.??"]
[Round "8"]
[White "Skalkotas, Nikolaos"]
[Black "Kofidis, Andreas"]
[Result "1-0"]
[WhiteElo "2325"]
[BlackElo "2385"]

1.d4 Nf6 2.c4 d6 3.Nc3 g6 4.e4 Bg7 5.Be2 O-O 6.Nf3 Nbd7 7.O-O e5 8.Be3 exd4
9.Nxd4 Nc5 10.f3 Ne6 11.Qd2 Re8 12.Rad1 Bd7 13.Kh1 a6 14.Rfe1 Nh5 15.Nxe6 Bxe6
16.Nd5 Nf6 17.Nf4 Nd7 18.Nxe6 fxe6 19.f4 Nf6 20.Qc2 Qe7 21.c5 Kh8 22.g4 h6
23.Bf3 e5 24.f5 g5 25.h4 gxh4 26.g5 hxg5 27.Bxg5 Qf7 28.Re2 Nh7 29.Rg1 Rg8
30.Reg2 h3 31.Rg3 Bf6 32.Bxf6+ Qxf6 33.Qf2 Qh6 34.Rg6 Rxg6 35.fxg6 Ng5 36.Qe3 Rg8
37.Rxg5 Kg7 38.Be2 Qh4 39.Rg3 h2 40.Rf3 Qe1+ 41.Kxh2 Qh4+ 42.Kg2  1-0

[Event "Groningen op"]
[Site "Groningen"]
[Date "1994.??.??"]
[Round "1"]
[White "Kozul, Zdenko"]
[Black "Van der Weide, Karel"]
[Result "1-0"]
[WhiteElo "2575"]
[BlackElo "2350"]

1.d4 Nf6 2.Nf3 g6 3.c4 Bg7 4.Nc3 O-O 5.e4 d6 6.Be2 Nbd7 7.O-O e5 8.Qc2 c6
9.Rd1 Qe7 10.d5 Ne8 11.b4 f5 12.c5 dxc5 13.b5 cxb5 14.d6 Nxd6 15.Nd5 Qd8
16.Bg5 Nf6 17.Nxf6+ Bxf6 18.Qxc5 Bxg5 19.Rxd6 Qe7 20.Qd5+ Kg7 21.Nxg5 Qxg5
22.Qxe5+ Kh6 23.f4 Qh4 24.g3 Qh3 25.Qe7  1-0

[Event "Groningen op"]
[Site "Groningen"]
[Date "1994.??.??"]
[Round "3"]
[White "Akesson, Ralf"]
[Black "Geurink, Jasper"]
[Result "1-0"]
[WhiteElo "2460"]
[BlackElo "2290"]

1.d4 Nf6 2.c4 g6 3.Nc3 Bg7 4.e4 d6 5.Be2 O-O 6.Nf3 e5 7.Be3 exd4 8.Nxd4 Re8
9.f3 c6 10.Bf2 d5 11.exd5 cxd5 12.O-O Nc6 13.c5 Nh5 14.Qd2 Qf6 15.Rfd1 Nf4
16.Bf1 Qg5 17.Kh1 Nxd4 18.Bxd4 Bxd4 19.Qxd4 Be6 20.Rd2 Nh5 21.Rad1 Red8 22.b4 Ng7
23.g4 h5 24.h3 Ne8 25.f4 Qh4 26.f5 gxf5 27.gxf5 Qxd4 28.Rxd4 Bxf5 29.Nxd5 Kf8
30.Bg2 Be6 31.Nc7 Rxd4 32.Nxe6+ fxe6 33.Rxd4 Rb8 34.Rd7 b6 35.c6 Ra8 36.a4 a6
37.Rb7  1-0

[Event "Groningen"]
[Site "Groningen"]
[Date "1994.??.??"]
[Round "4"]
[White "Gulko, Boris F"]
[Black "Van Wely, Loek"]
[Result "1-0"]
[WhiteElo "2590"]
[BlackElo "2560"]

1.c4 g6 2.d4 Bg7 3.e4 d6 4.Nc3 Nf6 5.Be2 O-O 6.Nf3 e5 7.d5 a5 8.Bg5 h6 9.Bh4 Na6
10.Nd2 Bd7 11.O-O Nc5 12.b3 Nfxe4 13.Bxd8 Nxc3 14.Qe1 Rfxd8 15.Nb1 Nxe2+
16.Qxe2 e4 17.Nd2 f5 18.Rad1 g5 19.f4 a4 20.fxg5 hxg5 21.g4 axb3 22.Nxb3 f4
23.Nxc5 dxc5 24.Qxe4 Bxg4 25.Rde1 Rd6 26.Qe7 Rg6 27.Qxc7 Rxa2 28.Rf2 Ra8
29.d6 Bc3 30.Rb1 Rg7 31.Qxc5 Ra5 32.Qb6 Ra6 33.Qb3 Bd4 34.c5+ Kh8 35.Re1 Ra8
36.Qd5 Be3 37.Qe5 Bh3 38.Rxe3 fxe3 39.Rf7 Rg8 40.d7  1-0

[Event "Groningen op"]
[Site "Groningen"]
[Date "1994.??.??"]
[Round "5"]
[White "Nenashev, Alexander"]
[Black "Drozdov, Igor"]
[Result "1/2-1/2"]
[WhiteElo "2575"]
[BlackElo "2405"]

1.d4 Nf6 2.c4 g6 3.Nc3 Bg7 4.e4 d6 5.Nf3 O-O 6.Be2 e5 7.d5 a5 8.Bg5 h6 9.Bh4 Na6
10.Nd2 Qe8 11.O-O Nh7 12.a3 Bd7 13.Nb5 h5 14.f3 Bh6 15.Qc2 Qb8 16.Rab1 Re8
17.Rfd1 c6 18.Nc3 Bg5 19.Bf2 c5 20.Nb3 Qd8 21.Nc1 Bh4 22.g3 Bf6 23.Nd3 Ng5
24.Be3 h4 25.Qd2 Kg7 26.Nf2 hxg3 27.hxg3 Rh8 28.Kg2 Nh3 29.Rh1 Nxf2 30.Bh6+ Kg8
31.Kxf2 Bg7 32.Bg5 f6 33.Rxh8+ Bxh8 34.Be3 Bg7 35.Nb5 Be8 36.Bf1 Nc7 37.Nxc7 Qxc7
38.Bh3 Bd7 39.Be6+ Bxe6 40.dxe6 Qe7 41.Qd5 Re8 42.b4 axb4 43.axb4 b6 44.bxc5 bxc5
45.Rb6 Bf8 46.g4 Qxe6 47.Qxe6+ Rxe6 48.Bxc5 Kf7 49.Bb4 Re8 50.Ke2 Rd8 51.Kd3 Be7
52.Kc2 Ke8 53.Rb7 Rd7 54.Rb8+ Rd8 55.Rb7 Rd7 56.Rb6 Rd8 57.Rb7 Rd7 58.Rb8+ Rd8
59.Rxd8+ Kxd8 60.Kb3 Kd7 61.Ba5 Bf8 62.Kb4 Bh6 63.Kb5 Be3 64.Be1 g5 65.Ba5 Bc1
66.Kb6 Be3+ 67.Kb7 Bc5 68.Bb6 Ba3  1/2-1/2

[Event "Groningen op"]
[Site "Groningen"]
[Date "1994.??.??"]
[Round "5"]
[White "Douven, Rudy C"]
[Black "Sorin, Ariel"]
[Result "1/2-1/2"]
[WhiteElo "2400"]
[BlackElo "2485"]

1.d4 Nf6 2.c4 g6 3.Nc3 Bg7 4.e4 d6 5.Nf3 O-O 6.Be2 e5 7.O-O Nbd7 8.Be3 Ng4
9.Bg5 f6 10.Bd2 c6 11.Qc2 Qe7 12.Rad1 exd4 13.Nxd4 f5 14.Bf4 fxe4 15.Bg3 Ndf6
16.Rfe1 e3 17.Bxg4 Nxg4 18.f3 Nf2 19.Bxf2 exf2+ 20.Qxf2 Qf7 21.Ne4 Qxc4 22.Nxd6 Qxa2
23.Ne8 Qf7 24.Nxg7 Qxg7 25.Qh4 Qf6 26.Qg3 c5 27.Nb5 Bf5 28.Nc7 Rad8 29.Nd5 Qxb2
30.Qc7 Rde8 31.Ne7+ Kh8 32.Qxc5 b6 33.Qc6 Qb4 34.Qc7 Rf7 35.Qe5+ Rg7 36.Qf6 h6
37.Nxg6+ Bxg6 38.Rxe8+ Bxe8 39.Qxh6+ Rh7 40.Qf6+ Kg8 41.Qe6+ Kf8 42.Qf6+ Kg8  1/2-1/2

[Event "Groningen op"]
[Site "Groningen"]
[Date "1994.??.??"]
[Round "7"]
[White "Kindl, Peter"]
[Black "Poldauf, Dirk"]
[Result "0-1"]
[WhiteElo "2340"]
[BlackElo "2445"]

1.d4 Nf6 2.Nf3 g6 3.c4 Bg7 4.Nc3 O-O 5.e4 d6 6.Be2 e5 7.O-O Na6 8.Re1 c6
9.Be3 Ng4 10.Bg5 Qe8 11.dxe5 dxe5 12.h3 f6 13.Bc1 Nh6 14.b3 Qe7 15.Be3 Nf7
16.Na4 f5 17.c5 f4 18.Bd2 Nc7 19.Bc4 Ne6 20.Qc2 h5 21.Bc3 g5 22.Nh2 Qf6 23.Be2 Qg6
24.Qd1 f3 25.Nxf3 Nf4 26.Bc4 g4 27.Nh4 Qg5 28.g3 Nxh3+ 29.Kg2 Kh8 30.Nb2 Nh6
31.Nd3 Bd7 32.Qc2 Rae8 33.Rad1 Bc8 34.Qd2 Kh7 35.Rh1 Qe7 36.Rhe1 Qf6 37.Qb2 Qe7
38.Rd2 Bf6 39.Nf5 Nxf5 40.exf5 e4 41.Nf4 Nxf4+ 42.gxf4 Bxc3 43.Qxc3 Rxf5
44.Rde2 Rxf4 45.Qg3 Qf6 46.Bd3 Be6 47.Bxe4+ Rxe4 48.Rxe4 Bd5 49.Qd3 Rxe4
50.Rxe4 Qf5  0-1

[Event "Groningen op"]
[Site "Groningen"]
[Date "1994.??.??"]
[Round "11"]
[White "Hofman, Ron"]
[Black "Van der Weide, Karel"]
[Result "0-1"]
[WhiteElo "2235"]
[BlackElo "2350"]

1.d4 Nf6 2.c4 g6 3.Nc3 Bg7 4.e4 d6 5.Be2 O-O 6.Nf3 Nbd7 7.O-O e5 8.Re1 c6
9.Bf1 a5 10.Rb1 Re8 11.d5 Nc5 12.b3 cxd5 13.cxd5 Bd7 14.a3 Qc7 15.Bd2 Rec8
16.a4 Qb6 17.Bc4 Ng4 18.Qe2 f5 19.Ng5 Bh6 20.Ne6 Bxd2 21.Qxd2 f4 22.Qe2 Nf6
23.Nxc5 Rxc5 24.Kf1 Ng4 25.h3 Nf6 26.Qd3 Nh5 27.Rec1 Rf8 28.Qf3 Nf6 29.Bb5 Bc8
30.Ne2 Rxc1+ 31.Rxc1 g5 32.Ng1 h5 33.Rc4 g4 34.Qd3 Kh8 35.Qe2 f3 36.gxf3 gxh3
37.Qd2 h2 38.Qh6+ Nh7 39.Qxh5 hxg1=Q+ 40.Kxg1 Qd8 41.Kf1 Qg5 42.Qxg5 Nxg5
43.Rc7 Nxf3 44.Bd7 Bxd7 45.Rxd7 Nd2+ 46.Ke2 Nxe4 47.Ke3 Nxf2 48.Rxd6 Ng4+
49.Ke2 Kg7 50.Rb6 Rf7 51.Rb5 Kf6 52.Rxa5 Kf5 53.Rc5 Rd7 54.b4 Nf6 55.b5 b6  0-1

[Event "Groningen op"]
[Site "Groningen"]
[Date "1994.??.??"]
[Round "11"]
[White "Truta, Srecko"]
[Black "Salazar, Adriana"]
[Result "1-0"]
[WhiteElo "2265"]
[BlackElo "2110"]

1.d4 Nf6 2.c4 g6 3.Nc3 Bg7 4.e4 d6 5.Be2 O-O 6.Nf3 Nbd7 7.O-O e5 8.Re1 exd4
9.Nxd4 Nc5 10.f3 Re8 11.Rb1 a5 12.Ndb5 Bd7 13.Be3 Ne6 14.Qd2 Nh5 15.g4 Nf6
16.Rbd1 h5 17.e5 Nxg4 18.fxg4 Bxe5 19.gxh5 Qh4 20.Bf3 Bc6 21.Nd5 Qxc4 22.Na3 Qh4
23.hxg6 fxg6 24.Qg2 Kg7 25.Bf2 Qh6 26.Nc4 Bxd5 27.Nxe5 Nf4 28.Qg4 Nh3+ 29.Kg2 Be6
30.Bd4 dxe5 31.Bxe5+ Kf8 32.Qg3 c6 33.Bg4 Bxg4 34.Qxg4 Ng5 35.Bf4 Rxe1 36.Rxe1 Qh3+
37.Qxh3 Nxh3 38.Kxh3 Kf7 39.Kg4 Rd8 40.h4 Rd4 41.Re5 b6 42.Re3 a4 43.Kg5 Rd5+
44.Re5 Rd1 45.Be3 c5 46.Re4 Rd5+ 47.Kg4 b5 48.Bg5 Rd1 49.Re7+ Kf8 50.Rb7 b4
51.Be7+  1-0

[Event "Guines"]
[Site "Guines"]
[Date "1994.??.??"]
[Round "5"]
[White "Leyva, Hector"]
[Black "Lopez, Carlos Manuel"]
[Result "0-1"]
[WhiteElo "2300"]
[BlackElo "2330"]

1.d4 Nf6 2.c4 g6 3.Nc3 Bg7 4.e4 d6 5.Nf3 O-O 6.Be2 e5 7.d5 h6 8.Nd2 a5 9.Nf1 Na6
10.g4 Nc5 11.Ng3 c6 12.h4 cxd5 13.cxd5 b5 14.g5 hxg5 15.Bxg5 b4 16.Na4 Nxa4
17.Qxa4 Qe8 18.Qb3 Nh7 19.Bd2 f5 20.h5 f4 21.hxg6 Qxg6 22.Bh5 Qf6 23.Ne2 Ng5
24.f3 Bd7 25.a4 Nh3 26.O-O-O Qg5 27.Bg4 Bxg4 28.fxg4 Nf2 29.Qf3 Rac8+ 30.Kb1 Nxd1
31.Rxd1 Qg6 32.b3 Rc5 33.Be1 Rfc8 34.Bf2 Rc2 35.Rc1 Rxc1+ 36.Nxc1 Rc3 37.Qe2 f3
38.Qe1 Qxg4 39.Kb2 Qg2 40.Na2 Rc8 41.Kb1 Bh6 42.Kb2 Bf4 43.Kb1 Rc7  0-1

[Event "FIN-SWE m"]
[Site "Haernoesand"]
[Date "1994.??.??"]
[Round "?"]
[White "Degerman, Lars"]
[Black "Sammalvuo, Tapani"]
[Result "1/2-1/2"]
[WhiteElo "2465"]
[BlackElo "2280"]

1.Nf3 Nf6 2.c4 g6 3.Nc3 Bg7 4.e4 d6 5.d4 O-O 6.Be2 e5 7.Be3 h6 8.O-O Ng4
9.Bc1 Nc6 10.d5 Ne7 11.Nd2 f5 12.exf5 gxf5 13.Bxg4 fxg4 14.Nde4 Ng6 15.c5 dxc5
16.Nxc5 Nf4 17.Qb3 Qd6 18.Bxf4 Rxf4 19.N3e4 Qb6 20.Qc4 Kh8 21.g3 Rf8 22.Rad1 Bf5
23.Ne6 Bxe6 24.dxe6 Rfe8 25.Nc5 Bf8 26.Nd7 Qxe6 27.Qxc7 Bg7 28.Qxb7 e4 29.Nc5 Qxa2
30.Qd7 Qc4 31.Rc1 Qd4 32.Qxg4 e3 33.Qxd4 Bxd4 34.b4 exf2+ 35.Kg2 Rab8 36.Rc4 Rbd8
37.Nd3 Re2 38.Nf4 Re1 39.Nd3 Re2 40.Nf4 Re1 41.Nd3 Re2  1/2-1/2

[Event "Hamburg-ch"]
[Site "Hamburg"]
[Date "1994.??.??"]
[Round "8"]
[White "Trisic, Alexandar"]
[Black "Von Buelow, Georg"]
[Result "1/2-1/2"]
[WhiteElo "2215"]
[BlackElo "2355"]

1.d4 Nf6 2.c4 g6 3.Nc3 Bg7 4.e4 d6 5.Nf3 O-O 6.Be2 e5 7.O-O Na6 8.d5 Nc5
9.Qc2 a5 10.Bg5 h6 11.Be3 Nh5 12.g3 Qe8 13.Nd2 f5 14.Bxc5 dxc5 15.Bxh5 gxh5
16.exf5 Bxf5 17.Nce4 Qg6 18.f3 h4 19.Qb3 b6 20.g4 h5 21.g5 Bh3 22.Rf2 Rf4
23.Kh1 Raf8 24.Qe3 Kh7 25.Re1 R8f5 26.Rfe2 Rf7 27.Nf6+ Bxf6 28.gxf6 Qxf6
29.Qxe5 Qxe5 30.Rxe5 Rg7 31.Rg1 Rd4 32.Rxg7+ Kxg7 33.Re2 Kf6 34.Kg1 Bf5 35.b3 a4
36.Kf2 axb3 37.axb3 b5 38.cxb5 Rxd5 39.Ne4+ Bxe4 40.Rxe4 Rd2+ 41.Re2 Rd3
42.Re3 Rd2+ 43.Re2 Rd3 44.Re3 Rd2+  1/2-1/2

[Event "EU-ch U18"]
[Site "Hania"]
[Date "1994.??.??"]
[Round "2"]
[White "Hausrath, Daniel"]
[Black "Kempinski, Robert"]
[Result "0-1"]
[WhiteElo "2320"]
[BlackElo "2385"]

1.d4 Nf6 2.c4 g6 3.Nc3 Bg7 4.e4 d6 5.Be2 O-O 6.Nf3 e5 7.O-O Na6 8.Be3 Ng4
9.Bg5 Qe8 10.d5 h6 11.Bd2 f5 12.Ne1 Nf6 13.f3 fxe4 14.fxe4 Nc5 15.Qc2 a5
16.b3 Bd7 17.Bf3 g5 18.Nd3 b6 19.Nxc5 bxc5 20.Be2 Qg6 21.Bd3 h5 22.Nb5 Rfc8
23.Qc1 Bh6 24.a4 h4 25.Qe1 Nh5 26.Bxa5 Nf4 27.Bc2 h3 28.Nxc7 Nxg2 29.Qc3 Rxa5
30.Qxa5 Ne3 31.Ne6 Nxc2 32.Ra2 Qxe4 33.Rf2 Qg4+  0-1

[Event "EU-ch U18"]
[Site "Hania"]
[Date "1994.??.??"]
[Round "2"]
[White "Stocek, Jiri"]
[Black "Kulaots, Kaido"]
[Result "1/2-1/2"]
[WhiteElo "2350"]
[BlackElo "2415"]

1.d4 Nf6 2.c4 g6 3.Nc3 Bg7 4.e4 O-O 5.Be2 d6 6.Nf3 e5 7.O-O Nbd7 8.Re1 c6
9.d5 Nc5 10.Bg5 a5 11.Nd2 Bd7 12.a3 a4 13.b4 axb3 14.Nxb3 Qb6 15.Nxc5 Qxc5
16.Qb3 cxd5 17.cxd5 Ng4 18.Bxg4 Bxg4 19.h3 Bd7 20.a4 Rfc8 21.Rec1 Qa5 22.Qxb7 Rc7
23.Qb2 Rc4 24.Bd2 Qa6 25.Nb5 Rac8 26.Rxc4 Rxc4 27.Nc3 Bf6 28.Qb1 Kg7 29.Qf1 Bd8
30.Rb1 Ba5 31.Ra1 Qc8 32.Nb1 Bxd2 33.Nxd2 Rxa4 34.Rxa4 Bxa4 35.Qc4 Qd7 36.Qb4 Bb5
37.Nb3 f5 38.exf5 gxf5 39.Qh4 h6 40.f4 Ba4 41.fxe5 Bxb3 42.Qg3+ Kh7 43.Qxb3 dxe5
44.Qc4 Kg7 45.Kh2 Kf6 46.Qa6+ Kf7 47.Qxh6 Qxd5 48.Qh7+ Kf6 49.Qh6+ Kf7 50.Qh5+ Kf6  1/2-1/2

[Event "Hania op"]
[Site "Hania"]
[Date "1994.??.??"]
[Round "3"]
[White "Riemersma, Liafbern"]
[Black "Haritakis, Theodoros"]
[Result "1-0"]
[WhiteElo "2440"]
[BlackElo "2270"]

1.d4 Nf6 2.c4 g6 3.Nc3 Bg7 4.e4 d6 5.Be2 O-O 6.Nf3 e5 7.d5 a5 8.Bg5 h6 9.Bh4 Na6
10.Nd2 Qe8 11.a3 Bd7 12.b3 Nh7 13.O-O h5 14.f3 Bh6 15.Kh1 Be3 16.Qc2 Qb8
17.Qb2 g5 18.Be1 h4 19.b4 Nf6 20.Nb3 Nh5 21.Nxa5 Kg7 22.Nd1 Ng3+ 23.Bxg3 hxg3
24.Nxe3 Rh8 25.h3 Bxh3 26.gxh3 Rxh3+ 27.Kg2 Rh2+ 28.Kxg3 Qh8 29.Ng2 Qh3+
30.Kf2 Rxg2+ 31.Ke3 Qg3 32.Rae1 Rh8 33.Rh1 Rxe2+ 34.Qxe2  1-0

[Event "EU-ch U18"]
[Site "Hania"]
[Date "1994.??.??"]
[Round "4"]
[White "Stojanovic, Mihajlo"]
[Black "Kaminski, Marcin"]
[Result "1-0"]
[WhiteElo "2315"]
[BlackElo "2440"]

1.d4 Nf6 2.c4 g6 3.Nc3 Bg7 4.e4 d6 5.Nf3 O-O 6.Be2 e5 7.Be3 Ng4 8.Bg5 f6
9.Bh4 Nc6 10.d5 Ne7 11.Nd2 f5 12.h3 Nf6 13.g4 c6 14.Rg1 cxd5 15.cxd5 fxg4
16.hxg4 a6 17.a4 Rb8 18.Bg5 b5 19.axb5 axb5 20.Bxb5 h5 21.gxh5 Nxh5 22.Ra7 Bb7
23.Qg4 Nf4 24.Nc4 Nd3+ 25.Ke2 Nc5 26.Rh1 Rf7 27.Qh4 Nb3 28.Bc6 Nd4+ 29.Kd1 Ra8
30.Rxb7 Ra1+ 31.Bc1 Nexc6 32.dxc6 Qxh4 33.Rxh4 Rxf2 34.Rb8+ Bf8 35.c7 Rf1+
36.Kd2 Rf2+ 37.Kd3 Rf3+ 38.Ne3 Rxc1 39.c8=Q  1-0

[Event "EU-ch U18"]
[Site "Hania"]
[Date "1994.??.??"]
[Round "4"]
[White "Banikas, Hristos"]
[Black "Kempinski, Robert"]
[Result "0-1"]
[WhiteElo "2315"]
[BlackElo "2385"]

1.d4 Nf6 2.c4 g6 3.Nc3 Bg7 4.e4 d6 5.Be2 O-O 6.Nf3 e5 7.O-O Qe8 8.d5 Nh5
9.Ne1 Nf4 10.Nd3 f5 11.exf5 Nxe2+ 12.Qxe2 gxf5 13.f4 e4 14.Ne1 c5 15.dxc6 bxc6
16.Nc2 d5 17.cxd5 Ba6 18.Qd1 Bxf1 19.Kxf1 Kh8 20.Be3 cxd5 21.Bd4 Qf7 22.Nb4 a5
23.Bxg7+ Qxg7 24.Nbxd5 Na6 25.Ne3 Nb4  0-1

[Event "EU-ch U18"]
[Site "Hania"]
[Date "1994.??.??"]
[Round "5"]
[White "Stocek, Jiri"]
[Black "Banikas, Hristos"]
[Result "1/2-1/2"]
[WhiteElo "2350"]
[BlackElo "2315"]

1.d4 Nf6 2.c4 g6 3.Nc3 Bg7 4.e4 d6 5.Be2 O-O 6.Nf3 e5 7.O-O exd4 8.Nxd4 Re8
9.f3 Nc6 10.Be3 Nh5 11.f4 Nf6 12.Bf3 Ng4 13.Bxg4 Bxg4 14.Nxc6 Qd7 15.Qd3 Qxc6
16.f5 Bxc3 17.Qxc3 Rxe4 18.fxg6 hxg6 19.b3 Rae8 20.Rae1 d5 21.h3 Bf5 22.Bd4 dxc4
23.bxc4 b6 24.Bh8 f6 25.Rxe4 Rxe4 26.Bxf6 Rxc4 27.Qb3 Qe6 28.Ba1 Rc2 29.Qg3 Qd6
30.Qb3+ Qe6 31.Qg3 Qd6 32.Qb3+  1/2-1/2

[Event "SWE-ch"]
[Site "Haparanda"]
[Date "1994.??.??"]
[Round "1"]
[White "Jonsson, Mikael"]
[Black "Wikner, Arvid"]
[Result "1/2-1/2"]
[WhiteElo "2320"]
[BlackElo "2230"]

1.d4 Nf6 2.c4 g6 3.Nc3 Bg7 4.e4 d6 5.Nf3 O-O 6.Be2 e5 7.Be3 Na6 8.dxe5 dxe5
9.Nd2 c6 10.c5 Qe7 11.Qa4 Ng4 12.Bxg4 Bxg4 13.Qa5 Rfd8 14.Na4 Bf6 15.Nc4 Rd3
16.b4 Be6 17.Nab2 Bxc4 18.Nxc4 Nc7 19.O-O Nb5 20.Rad1 Rc3 21.a4 Rxc4 22.axb5 Rxe4
23.bxc6 bxc6 24.Rd6 Rb8 25.Rxc6 Rexb4 26.Rc7 Qd8 27.Rxa7 Qxa5 28.Rxa5 Rc4
29.Ra7 Kg7 30.g3 h6 31.Rd1 Bg5 32.Bxg5 hxg5 33.Rdd7 Rf8 34.Rac7 Kf6 35.h3 g4
36.Rd6+ Kg7 37.h4 Ra8 38.Rdd7 Ra1+ 39.Kg2 Rcc1  1/2-1/2

[Event "Hedehusene"]
[Site "Hedehusene"]
[Date "1994.??.??"]
[Round "8"]
[White "Jorgensen, Brian"]
[Black "Elgaard, Brian K"]
[Result "1/2-1/2"]
[WhiteElo "2245"]
[BlackElo "2260"]

1.Nf3 g6 2.c4 Bg7 3.d4 Nf6 4.Nc3 O-O 5.e4 d6 6.Be2 e5 7.dxe5 dxe5 8.Qxd8 Rxd8
9.Bg5 c6 10.Nxe5 Re8 11.f4 h6 12.Bxf6 Bxf6 13.O-O-O Bxe5 14.fxe5 Be6 15.Rd6 Nd7
16.Rhd1 Nxe5 17.b3 Rac8 18.c5 Kf8 19.Kd2 Nd7 20.Ke3 Re7 21.Na4 Nf6 22.Bf3 Kg7
23.Nc3 Rce8 24.Kf2 Nd7 25.Na4 Ne5 26.Rd8 Nd7 27.Rxe8 Rxe8 28.Rd4 Kf6 29.b4 Ke5
30.Rd2 a5 31.Rb2 axb4 32.Rxb4 Ra8 33.Bd1 Ra7 34.Bb3 Bxb3 35.axb3 Nf8 36.Ke3 Ne6
37.Rc4 Ra8 38.Rb4 Ra7 39.Rc4 Ng5 40.g3 f6 41.h4 Nf7 42.Rd4 Ke6 43.Kd2 Ra8
44.Kc3 Ne5 45.Rd6+ Ke7 46.Rd4 h5 47.Rb4 Rb8 48.Nb2 g5 49.Nc4 Nd7 50.Kd4 b5
51.Ne3 Ne5 52.Nf5+ Kf7 53.hxg5 Rd8+ 54.Nd6+ Ke6 55.gxf6 Kxf6 56.Ke3 Nd7 57.e5+ Nxe5
58.Rf4+ Kg6 59.Re4 Ng4+ 60.Kd4 Rf8  1/2-1/2

[Event "Hradec Kralove op"]
[Site "Hradec Kralove"]
[Date "1994.??.??"]
[Round "1"]
[White "Reznicek, Pavel"]
[Black "Pretterhofer, M."]
[Result "1-0"]
[WhiteElo "2065"]
[BlackElo "1700"]

1.d4 Nf6 2.c4 g6 3.Nc3 Bg7 4.e4 d6 5.Nf3 O-O 6.Be2 e5 7.dxe5 dxe5 8.Qxd8 Rxd8
9.Bg5 Nbd7 10.O-O-O c6 11.Nxe5 Re8 12.Nxd7 Nxd7 13.f3 Bxc3 14.bxc3 f5 15.Bd3 Ne5
16.exf5 Nxd3+ 17.Rxd3 Bxf5 18.Rd2 c5 19.h4 h5 20.Rhd1 b6 21.Rg1 Kf7 22.g4 hxg4
23.fxg4 Be6 24.h5 gxh5 25.gxh5 Rg8 26.Rf2+ Kg7 27.Re1 Rae8 28.Rf6 Bxc4 29.Rg6+ Kh7
30.Rh6+ Kg7 31.Rd1 Bf7 32.Rd7 Re1+ 33.Kd2 Rf1 34.Rg6+ Kf8 35.Rd8+ Be8 36.Rxg8+ Kxg8
37.Rxe8+ Kf7 38.Re7+  1-0

[Event "Hradec Kralove op"]
[Site "Hradec Kralove"]
[Date "1994.??.??"]
[Round "5"]
[White "Mrna, Vladimir"]
[Black "Kalousek, Vladimir"]
[Result "0-1"]
[WhiteElo "1885"]
[BlackElo "1835"]

1.e4 d6 2.c4 Nf6 3.Nc3 g6 4.d4 Bg7 5.Nf3 O-O 6.Be2 e5 7.Bg5 Nbd7 8.d5 h6
9.Bc1 a5 10.O-O Nc5 11.Qc2 Bd7 12.Ne1 Nh7 13.Nd3 b6 14.f4 f5 15.Nxc5 bxc5
16.Bd3 exf4 17.exf5 Bd4+ 18.Kh1 g5 19.Ne2 Be5 20.g3 Qf6 21.gxf4 gxf4 22.Nxf4 Bxf5
23.Bxf5 Qxf5 24.Rg1+ Ng5 25.Qxf5 Rxf5 26.Nd3 Bd4 27.Rd1 Raf8 28.Bxg5 hxg5
29.Kg2 Rf3 30.Rd2 Kg7 31.Re1 R3f7 32.Rdd1 Bxb2 33.Rf1 Rxf1 34.Rxf1 Rxf1 35.Kxf1 Bd4
36.Ke2 Kg6 37.Kf3 Kh5 38.Nf2 Kh4 39.Ng4 Bg1 40.Kg2 Kxg4  0-1

[Event "Hradec Kralove op"]
[Site "Hradec Kralove"]
[Date "1994.??.??"]
[Round "6"]
[White "Kalousek, Vladimir"]
[Black "Reznicek, Pavel"]
[Result "1/2-1/2"]
[WhiteElo "1835"]
[BlackElo "2060"]

1.d4 Nf6 2.Nf3 g6 3.c4 Bg7 4.Nc3 O-O 5.e4 d6 6.Be2 e5 7.dxe5 dxe5 8.Bg5 Nbd7
9.O-O c6 10.Qc2 Qc7 11.b4 Re8 12.c5 Nf8 13.Bc4 Be6 14.Nd2 Red8 15.Ne2 h6
16.Be3 Ng4 17.Rad1 Nxe3 18.fxe3 Rd7 19.Bxe6 Nxe6 20.Nc4 Rad8 21.Nc3 b5 22.cxb6 axb6
23.Rxd7 Rxd7 24.Rd1 Rxd1+ 25.Qxd1 Bf8 26.a3 Kg7 27.Qd3 Be7 28.Na2 Nd8 29.Qc3 f6
30.Nc1 Nb7 31.Nb3 Nd6 32.Nbd2 Nxc4 33.Nxc4 Qd8 34.Nb2 Qd6 35.h3 b5 36.Nd3 Kf7
37.Kh2 Qd7 38.Nc1 Qd6 39.Nb3 Qc7 40.Qd3 Qd6 41.Qc3  1/2-1/2